000 00558 a2200181 4500
999 _c4863
_d4863
010 _aENG-86636
020 _c120.00
_a8180545458
035 _aEN-70169
037 _bDBAD / PUB
082 1 4 _a336.207
100 1 _aPagare, Dinkar
245 1 _aBusiness taxation :
_cby Dinkar Pagare
_bindirect taxes /
250 _a8th ed
260 _aNew Delhi
_bSultan Chand
_c2007
270 _a23, Daryaganj
_bNew Delhi
_e110 002
_k011-23243183, 011-23247051
_l011-23266357
300 _axii, 272 p
_c24 cm (Pbk)
942 _adpl
_cEN
_2ddc
_h336.207
_mPAG